Statistiques concernant Paroles - 100K - Gazo - La mélo est gangx

Cliquez ici pour prendre le quiz!

Statistiques générales

  • Ce quiz a été pris 67 fois
  • Le résultat moyen est 128 sur 275

Statistiques - réponses

Réponse% Correct
96%
la
96%
me
94%
je
92%
le
90%
a
85%
A
85%
à
85%
Et
85%
et
85%
un
85%
Comme
83%
comme
83%
au
79%
bon
79%
fin
79%
fond
79%
lame
79%
les
77%
laisse
75%
une
75%
appeler
73%
du
73%
jsuis
73%
jte
73%
ma
73%
te
73%
de
71%
bu
65%
j'ai
65%
J'sors
65%
Pim-Pom
63%
tu
63%
Tu
63%
wock
63%
wok
63%
en
60%
puis
60%
vie
60%
il
58%
mon
58%
pas
58%
ce
56%
feat
56%
mais
56%
y'a
56%
Y'a
56%
ta
54%
100K
52%
aux
52%
infos
52%
mets
52%
se
52%
si
52%
wak
52%
fake
50%
mes
50%
plaisir
50%
t'es
50%
tout
50%
ça
48%
passer
48%
voir
48%
c'est
46%
dans
46%
jme
46%
Viens
46%
ferais
44%
on
44%
smoke
44%
claque
42%
est
42%
face
42%
grosse
42%
fais
40%
j'lui
40%
moment
40%
vend
40%
début
38%
envie
38%
gucci
38%
j'en
38%
sucé
38%
veux
38%
Bramsou
35%
équipe
35%
gars
35%
ils
35%
monde
35%
partout
35%
plus
35%
quand
35%
quoi
35%
après
33%
no
33%
ai
31%
hazi
31%
perte
31%
respecté
31%
sur
31%
dior
29%
faire
29%
liquide
29%
monnaie
29%
ou
29%
téma
29%
toujours
29%
babi
27%
bien
27%
daba
27%
des
27%
kichta
27%
m'essayer
27%
P.Q
27%
s'moquent
27%
t'as
27%
vrac
27%
17
25%
ans
25%
atouts
25%
clashé
25%
dirait
25%
feater
25%
hamdoullah
25%
jvais
25%
leur
25%
m'appelles
25%
moi
25%
paix
25%
prend
25%
vécu
25%
vit
25%
avait
23%
caché
23%
chaud
23%
dis
23%
djandjous
23%
que
23%
toute
23%
bosser
21%
cash
21%
c'etait
21%
chie
21%
dealer
21%
RSA
21%
sous
21%
voler
21%
balle
19%
humain
19%
inconnu
19%
sécu
19%
seuls
19%
sympathie
19%
y'avait
19%
aucune
17%
colère
17%
empathie
17%
envers
17%
feux
17%
ici
17%
J'veux
17%
schlass
17%
va
17%
amputé
15%
cacher
15%
cru
15%
l'être
15%
lève
15%
obligé
15%
parce
15%
visas
15%
calibrer
13%
coffrer
13%
cries
13%
headshot
13%
j'faisais
13%
lèvres
13%
nom
13%
ont
13%
ressors
13%
faut
10%
opps
10%
sont
10%
trop
10%
tué
10%
deads
8%
différentes
8%
pas l'enjeu
8%
symphonies
6%

Distribution des résultats

Percentile par nombre de réponses

% des personnes avec chaque résultat

Votre développement - résultats

Vous n’avez pas pris ce quiz